Vista normal Vista MARC

Entrada Topical Term

Número de registros utilizados en: 1

001 - CONTROL NUMBER

  • control field: 7856

003 - CONTROL NUMBER IDENTIFIER

  • control field: OSt

005 - DATE AND TIME OF LATEST TRANSACTION

  • control field: 20200726185446.0

008 - FIXED-LENGTH DATA ELEMENTS

  • fixed length control field: 200726|| aca||aabn | a|a d

040 ## - CATALOGING SOURCE

  • Original cataloging agency: OSt
  • Transcribing agency: OSt

150 ## - HEADING--TOPICAL TERM

  • Topical term or geographic name entry element: Persuasión (Psicología)

670 ## - SOURCE DATA FOUND

  • Source citation: Work cat.: (OSt)5245: Méndez, José Luis, compilador 7854, Liderazgo político / , ©2013